00792nam a22002295i 4500001000700000003000900007005001700016008004100033017001800074020002200092080002900114080002200143100003300165245010600198260005700304300006300361500001900424600003300443610002500476700003800501852002300539169165ES-MaACL20260302063013.0080820s2007 sp |||| | spa d aM-19.454-2007 a978-84-611-6683-1 a72 Sota, Alejandro de la a725.85(460.27 M.)0 aSota Aburto, Alejandro de la10aGimnasio Maravillas b: Madrid, 1960 / cAlejandro de la Sota ; edición a cargo de Teresa Couceiro. aMadrid : bFundación Alejandro de la Sota, c2007. a122 p. : bprincipalmente il. col., planos ; c22 x 22 cm. aEn el lomo: 2.04aSota Aburto, Alejandro de la14aGimnasio Maravillas.1 aCouceiro Durán, María Teresa.4 aES-MaACLjL-29527